000 00400nam a2200181Ia 4500
008 240510s9999 xx 000 0 und d
020 _a9780140366990
041 _aEng
082 _a823
082 _bD59
100 _aDOYLE ,Arthur Conan
245 4 _aThe Hound of the Baskervilles
260 _bLondon:Paffin Books
260 _c1994
300 _a243 p.
942 _2ddc
942 _cLBK
999 _c28787
_d28787
945 _a1
_bMadushi Gamage
_c1
_dMadushi Gamage